<?xml version="1.0" encoding="UTF-8"?>
<marc:record xmlns:marc="http://www.loc.gov/MARC21/slim">
   <marc:leader>00000nam a2200000 a 4500</marc:leader>
   <marc:datafield ind1="1" ind2=" " tag="100">
      <marc:subfield code="a">Stratton, Allan</marc:subfield>
      <marc:subfield code="4">aut</marc:subfield>
      <marc:subfield code="e">Verfasser/-in</marc:subfield>
   </marc:datafield>
   <marc:datafield ind1=" " ind2=" " tag="653">
      <marc:subfield code="a">Abenteuer</marc:subfield>
   </marc:datafield>
   <marc:datafield ind1=" " ind2=" " tag="653">
      <marc:subfield code="a">Reise</marc:subfield>
   </marc:datafield>
   <marc:datafield ind1=" " ind2=" " tag="653">
      <marc:subfield code="a">Enkelin</marc:subfield>
   </marc:datafield>
   <marc:datafield ind1=" " ind2=" " tag="653">
      <marc:subfield code="a">Jugendbücher ab 12-Jahre</marc:subfield>
   </marc:datafield>
   <marc:datafield ind1=" " ind2=" " tag="653">
      <marc:subfield code="a">Alzheimer</marc:subfield>
   </marc:datafield>
   <marc:datafield ind1=" " ind2=" " tag="653">
      <marc:subfield code="a">Großmutter</marc:subfield>
   </marc:datafield>
   <marc:datafield ind1="0" ind2="0" tag="245">
      <marc:subfield code="a">Zoe, Grace und der Weg zurück nach Hause</marc:subfield>
   </marc:datafield>
   <marc:datafield ind1=" " ind2="1" tag="264">
      <marc:subfield code="b">Hanser</marc:subfield>
      <marc:subfield code="c">2020</marc:subfield>
   </marc:datafield>
   <marc:datafield ind1="1" ind2=" " tag="520">
      <marc:subfield code="a">Oma Grace ist Zoes engste Freundin, ihre Verbündete, die weiß, dass Zoe das größte Herz der Welt hat. Oma ist immer auf ihrer Seite, auch wenn es zwischen Zoe und ihren Eltern richtig Krach gibt. Oder Zoe sich gegen ihre Cousine zur Wehr setzen muss. Aber Oma Grace vergisst manchmal Dinge und es wird immer schlimmer. Als Zoes Eltern beschließen, Grace in einem Pflegeheim für Alzheimer-Patienten unterzubringen, beschließt Zoe, mit ihrer geliebten Oma durchzubrennen. Es wird eine abenteuerliche Reise mit einigen Schwierigkeiten, aber auch eine voller Überraschungen und unverhoffter Freude</marc:subfield>
   </marc:datafield>
   <marc:datafield ind1=" " ind2=" " tag="020">
      <marc:subfield code="a">9783446268203</marc:subfield>
      <marc:subfield code="9">9783446268203</marc:subfield>
   </marc:datafield>
</marc:record>
